000 00417nam a2200181Ia 4500
005 20250603145806.0
008 250603s9999 xx 000 0 und d
020 _a9781398614932
050 _aHD 38.6 .D37/
100 _aDasgupta, Das.
245 0 _aSupply chain network design
260 _aLondon
260 _bKoganPage
260 _c2024
300 _axiv, 370p.: ill.
650 _aLondon
942 _cBK
999 _c42866
_d42866